Word - scramble megacities - Statistics

General Stats
  • This quiz has been taken 83 times
  • The average score is 13 of 20
Answer Stats
Guangzhou % Correct
Beijing
100%
Bogotá
100%
Delhi
100%
Jakarta
100%
Kinshasa
100%
Lagos
100%
Moscow
100%
Mumbai
100%
Paris
100%
Osaka
88%
Seoul
88%
London
83%
Dhaka
80%
Bangkok
75%
Lima
75%
Tianjin
75%
Xi'an
75%
Wuhan
71%
Ho Chi Minh City
67%
Karachi
67%
Kolkata
67%
Cairo
60%
Chongqing
60%
Lahore
60%
Manila
60%
São Paulo
60%
Tokyo
60%
Mexico City
50%
Shanghai
50%
Xiamen
50%
Johannesburg
43%
Tehran
43%
Buenos Aires
40%
Nagoya
38%
Hyderabad
33%
Chennai
25%
Rio de Janeiro
25%
Hangzhou
22%
New York City
17%
Bengaluru
14%
Changsha
0%
Istanbul
0%
Los Angeles
0%
No matching quizzes found
Score Distribution
Percent of People with Each Score
Percentile by Number Answered
Your Score History
You have not taken this quiz